000 01982cam a2200517 a 4500
001 21746
003 VRT
005 20260309113605.0
008 240314s2007 xo a b 000 j slo
015 _aSNBA2007/09-04485
020 _a9788089242252
_q(viaz.)
_z8085242251
035 _a311D8ABB-CD89-45F6-AF0F-DA8ED3EE23E0
035 _aurn:nbn:sk:snk-amkpth
035 _aurn:nbn:sk:snk-am005dgk
039 9 _a202403141049
_bVLOAD
_c202403131542
_dAUTHORITY
_c202311301542
_dAUTHORITY
_c202306121526
_dAUTHORITY
040 _aVTHK
_bslo
_cVTHK
_eAACR2
_dSNK
041 1 _aslo
_hita
044 _axo
_cSK
072 7 _a821-93
_xLiteratúra pre deti a mládež
_2konspekt
072 7 _a821.131.1-3
_xTalianska próza
_2konspekt
080 _a821-93
_22001
080 _a821.131.1-32
_22001
080 _a636.7
_22001
100 1 _aCasalis, Anna,
_d1953-
_4aut
245 1 0 _aDobrodružstvá Jakuba a Vierky
_pAko si kto ustelie, tak si aj ľahne
_b-a iné príbehy
_cilustrácie: Marco Campanella ; [text: Anna Casalis ; preklad: Ivona Stelzig]
246 3 0 _aAko si kto ustelie, tak si aj ľahne
250 _a1.vyd.
260 _aBratislava
_bSlovart Print
_c2007
300 _a28 s.
_bfareb. ilustr.
_c26x30 cm
490 1 _aJakub a Vierka so svojími priateľmi
500 _aPravdepodobne prel. z taliančiny
655 7 _apríbehy o zvieratách
_2SNKPH
655 7 _atalianske príbehy
_2SNKPH
655 7 _apublikácie pre deti
_2SNKPH
700 1 _aCampanella, Marco,
_d1971-
_4trl
700 1 _aStelzig, Ivona
_4trl
830 0 _aJakub a Vierka so svojími priateľmi
942 _2ddc
_cKLDE
_n0
949 _62889123124
_asavukPV 10960
_bsavuk2007/3588
949 _617A0561810
_asnkSB 74804
_bsnk2007/19436
_o1872/07
_s6100:20140925
949 _617A0561809
_asnkSB 74804 D1
_bsnk2007/19437
_o1872/07
949 _6273K0465026
_asvkpoC 47816
_bsvkpo496174
980 _a821.131.1-34
980 _a821-93
999 _c21746
_d21746